[Event "Open"]
[Site "Maastricht, NL"]
[Date "2025.06.07"]
[Round "2"]
[White "Decrop, Benjamin"]
[Black "Gurevich, Mikhail"]
[Result "0-1"]
[Board "3"]
[WhiteFideId "215147"]
[BlackFideId "200930"]
[BlackTitle "GM"]
[WhiteElo "2239"]
[BlackElo "2567"]
[WhiteTeam "BEL"]
[BlackTeam "BEL"]
[WhiteClock "0:00:48"]
[BlackClock "0:06:14"]
[Variant "Standard"]

1. d4 {[%clk 1:30:57]}  d5 {[%clk 1:30:41]} 2. c4 {[%clk 1:31:22]}  c6 {[%clk 1:31:08]} 3. Nc3 {[%clk 1:31:47]}  Nf6 {[%clk 1:31:34]} 4. e3 {[%clk 1:32:13]}  e6 {[%clk 1:31:56]} 5. Nf3 {[%clk 1:32:38]}  a6 {[%clk 1:32:23]} 6. b3 {[%clk 1:32:24]}  Bb4 {[%clk 1:32:44]} 7. Bd2 {[%clk 1:32:49]}  Nbd7 {[%clk 1:33:10]} 8. Bd3 {[%clk 1:33:04]}  O-O {[%clk 1:33:05]} 9. O-O {[%clk 1:33:28]}  Bd6 {[%clk 1:33:11]} 10. e4 {[%clk 1:33:03]}  dxc4 {[%clk 1:33:21]} 11. bxc4 {[%clk 1:33:27]}  e5 {[%clk 1:33:36]} 12. c5 {[%clk 1:33:44]}  Bc7 {[%clk 1:34:01]} 13. Na4 {[%clk 1:34:09]}  exd4 {[%clk 1:34:16]} 14. h3 {[%clk 1:34:28]}  Re8 {[%clk 1:33:32]} 15. Qc2 {[%clk 1:34:41]}  h6 {[%clk 1:30:01]} 16. Rad1 {[%clk 1:33:33]}  Nh5 {[%clk 1:24:55]} 17. Nxd4 {[%clk 1:00:17]}  Ne5 {[%clk 1:06:23]} 18. Be2 {[%clk 0:58:38]}  Nf6 {[%clk 0:59:20]} 19. Bc1 {[%clk 0:52:27]}  Qe7 {[%clk 0:59:19]} 20. f4 {[%clk 0:50:49]}  Ng6 {[%clk 0:58:44]} 21. e5 {[%clk 0:50:33]}  Nd5 {[%clk 0:58:24]} 22. Bc4 {[%clk 0:48:26]}  Nh4 {[%clk 0:47:23]} 23. Bxd5 {[%clk 0:43:50]}  cxd5 {[%clk 0:47:48]} 24. Nb6 {[%clk 0:44:15]}  Bxb6 {[%clk 0:40:57]} 25. cxb6 {[%clk 0:44:29]}  Qb4 {[%clk 0:41:00]} 26. Qb3 {[%clk 0:37:25]}  Qc4 {[%clk 0:39:29]} 27. Be3 {[%clk 0:27:48]}  Nf5 {[%clk 0:36:29]} 28. Nxf5 {[%clk 0:27:16]}  Bxf5 {[%clk 0:36:02]} 29. Rxd5 {[%clk 0:26:50]}  Rac8 {[%clk 0:34:19]} 30. Qxc4 {[%clk 0:23:46]}  Rxc4 {[%clk 0:34:43]} 31. Rc1 {[%clk 0:21:51]}  Rxc1+ {[%clk 0:32:07]} 32. Bxc1 {[%clk 0:22:18]}  Rc8 {[%clk 0:32:33]} 33. Be3 {[%clk 0:22:17]}  Rc3 {[%clk 0:26:23]} 34. Kf2 {[%clk 0:13:36]}  Ra3 {[%clk 0:23:51]} 35. Rd2 {[%clk 0:13:50]}  h5 {[%clk 0:18:35]} 36. Bc5 {[%clk 0:13:17]}  Rc3 {[%clk 0:19:00]} 37. Be7 {[%clk 0:12:17]}  Kh7 {[%clk 0:18:28]} 38. h4 {[%clk 0:10:54]}  Be6 {[%clk 0:17:49]} 39. a3 {[%clk 0:06:09]}  Kg6 {[%clk 0:16:50]} 40. Re2 {[%clk 0:04:53]}  Kf5 {[%clk 0:16:57]} 41. g3 {[%clk 0:04:50]}  Bc4 {[%clk 0:14:42]} 42. Re3 {[%clk 0:05:01]}  Rc2+ {[%clk 0:15:03]} 43. Ke1 {[%clk 0:04:32]}  Kg4 {[%clk 0:11:37]} 44. Bb4 {[%clk 0:03:41]}  Be6 {[%clk 0:09:42]} 45. Kd1 {[%clk 0:02:21]}  Rg2 {[%clk 0:09:22]} 46. Be1 {[%clk 0:02:36]}  Bd5 {[%clk 0:09:43]} 47. a4 {[%clk 0:02:27]}  a5 {[%clk 0:08:00]} 48. Bxa5 {[%clk 0:02:06]}  Ra2 {[%clk 0:05:40]} 49. Be1 {[%clk 0:00:59]}  Rxa4 {[%clk 0:05:51]} 50. Rd3 {[%clk 0:00:38]}  Bf3+ {[%clk 0:05:12]} 51. Kd2 {[%clk 0:00:46]}  Ra2+ {[%clk 0:05:30]} 52. Kc3 {[%clk 0:00:53]}  Ra1 {[%clk 0:05:37]} 53. Re3 {[%clk 0:00:39]}  Bd5 {[%clk 0:05:08]} 54. Kd4 {[%clk 0:00:40]}  Be6 {[%clk 0:05:14]} 55. Kc5 {[%clk 0:00:35]}  Rd1 {[%clk 0:05:37]} 56. Bc3 {[%clk 0:00:49]}  g6 {[%clk 0:05:52]} 57. Kb4 {[%clk 0:00:33]}  Kh3 {[%clk 0:06:02]} 58. Kc5 {[%clk 0:00:45]}  Kg2 {[%clk 0:06:23]} 59. Bd4 {[%clk 0:00:59]}  Bg4 {[%clk 0:06:06]} 60. Bc3 {[%clk 0:00:48]}  Rd8 {[%clk 0:06:02]} 61. Be1 {[%clk 0:00:49]}  Kf1 {[%clk 0:06:10]} 62. Bc3 {[%clk 0:01:06]}  Be6 {[%clk 0:06:24]} 63. Be1 {[%clk 0:00:35]}  Rd5+ {[%clk 0:06:19]} 64. Kb4 {[%clk 0:01:04]}  Rd1 {[%clk 0:06:41]} 65. Bc3 {[%clk 0:00:52]}  Kf2 {[%clk 0:07:04]} 66. Re4 {[%clk 0:00:51]}  Kxg3 {[%clk 0:07:19]} 67. Re1 {[%clk 0:00:40]}  Rxe1 {[%clk 0:04:58]} 68. Bxe1+ {[%clk 0:01:06]}  Kxf4 {[%clk 0:05:24]} 69. Bc3 {[%clk 0:00:52]}  Kg4 {[%clk 0:05:49]} 70. Be1 {[%clk 0:00:48]}  g5 {[%clk 0:06:14]} 0-1

[Event "Open"]
[Site "Maastricht, NL"]
[Date "2025.06.07"]
[Round "2"]
[White "Laurent-Paoli, Pierre"]
[Black "Madularea, David"]
[Result "1-0"]
[Board "4"]
[WhiteFideId "26017962"]
[BlackFideId "1070215"]
[WhiteTitle "GM"]
[WhiteElo "2545"]
[BlackElo "2255"]
[WhiteTeam "FRA"]
[BlackTeam "NED"]
[WhiteClock "0:01:14"]
[BlackClock "0:00:42"]
[Variant "Standard"]

1. d4 {[%clk 1:24:16]}  Nf6 {[%clk 1:30:53]} 2. c4 {[%clk 1:24:26]}  c6 {[%clk 1:31:05]} 3. Nc3 {[%clk 1:23:22]}  d5 {[%clk 1:31:28]} 4. Nf3 {[%clk 1:23:38]}  e6 {[%clk 1:31:47]} 5. Bg5 {[%clk 1:22:36]}  h6 {[%clk 1:32:05]} 6. Bh4 {[%clk 1:22:58]}  dxc4 {[%clk 1:32:23]} 7. e4 {[%clk 1:23:10]}  g5 {[%clk 1:32:46]} 8. Bg3 {[%clk 1:23:39]}  b5 {[%clk 1:33:09]} 9. Be2 {[%clk 1:23:06]}  Nbd7 {[%clk 1:33:23]} 10. O-O {[%clk 1:22:27]}  b4 {[%clk 1:33:44]} 11. Na4 {[%clk 1:22:28]}  Nxe4 {[%clk 1:34:05]} 12. Bxc4 {[%clk 1:22:12]}  Nxg3 {[%clk 1:33:04]} 13. hxg3 {[%clk 1:20:36]}  Bg7 {[%clk 1:33:05]} 14. Qe2 {[%clk 1:18:10]}  O-O {[%clk 1:24:03]} 15. Rad1 {[%clk 1:09:10]}  Qa5 {[%clk 1:13:25]} 16. b3 {[%clk 1:02:36]}  Bb7 {[%clk 1:05:52]} 17. Rfe1 {[%clk 0:57:52]}  Rad8 {[%clk 1:00:38]} 18. Qe3 {[%clk 0:42:15]}  Rfe8 {[%clk 0:55:40]} 19. Rc1 {[%clk 0:38:54]}  e5 {[%clk 0:36:59]} 20. Nxg5 {[%clk 0:27:00]}  hxg5 {[%clk 0:35:04]} 21. Qxg5 {[%clk 0:27:24]}  Qc7 {[%clk 0:23:20]} 22. Qf5 {[%clk 0:12:44]}  Re7 {[%clk 0:22:06]} 23. d5 {[%clk 0:04:53]}  c5 {[%clk 0:18:09]} 24. d6 {[%clk 0:04:18]}  Qxd6 {[%clk 0:18:12]} 25. Red1 {[%clk 0:04:07]}  Qc7 {[%clk 0:16:19]} 26. Bd5 {[%clk 0:03:51]}  Nb6 {[%clk 0:10:20]} 27. Bxb7 {[%clk 0:03:42]}  Nxa4 {[%clk 0:09:24]} 28. bxa4 {[%clk 0:03:58]}  Rxd1+ {[%clk 0:09:37]} 29. Rxd1 {[%clk 0:04:25]}  c4 {[%clk 0:09:53]} 30. Be4 {[%clk 0:03:51]}  c3 {[%clk 0:09:53]} 31. g4 {[%clk 0:03:59]}  Re6 {[%clk 0:08:47]} 32. g5 {[%clk 0:03:04]}  Rd6 {[%clk 0:07:55]} 33. Rxd6 {[%clk 0:02:59]}  Qxd6 {[%clk 0:08:21]} 34. Qc8+ {[%clk 0:03:22]}  Bf8 {[%clk 0:08:19]} 35. g3 {[%clk 0:02:53]}  Qd1+ {[%clk 0:04:08]} 36. Kg2 {[%clk 0:03:20]}  Qh5 {[%clk 0:04:15]} 37. Qf5 {[%clk 0:00:57]}  Be7 {[%clk 0:04:15]} 38. Qxe5 {[%clk 0:01:14]}  Qxg5 {[%clk 0:04:34]} 39. Qb8+ {[%clk 0:01:40]}  Kg7 {[%clk 0:04:59]} 40. Qxa7 {[%clk 0:01:54]}  Qe5 {[%clk 0:02:35]} 41. Qe3 {[%clk 0:01:34]}  Bc5 {[%clk 0:02:12]} 42. Qf3 {[%clk 0:01:42]}  Qd4 {[%clk 0:01:58]} 43. Bc2 {[%clk 0:01:12]}  Qd6 {[%clk 0:01:06]} 44. a5 {[%clk 0:00:52]}  Qe6 {[%clk 0:00:42]} 45. Bb3 {[%clk 0:01:06]}  Qg6 {[%clk 0:01:08]} 46. Qe2 {[%clk 0:00:45]}  Qc6+ {[%clk 0:01:17]} 47. Qf3 {[%clk 0:01:09]}  Qg6 {[%clk 0:01:32]} 48. Qd5 {[%clk 0:01:06]}  Ba7 {[%clk 0:00:59]} 49. Qe5+ {[%clk 0:00:55]}  Kg8 {[%clk 0:01:10]} 50. Qe2 {[%clk 0:00:57]}  Kg7 {[%clk 0:00:42]} 51. a6 {[%clk 0:01:14]} 1-0

[Event "Open"]
[Site "Maastricht, NL"]
[Date "2025.06.07"]
[Round "2"]
[White "Dann, Matthias"]
[Black "Van Doren, Bas"]
[Result "1/2-1/2"]
[Board "5"]
[WhiteFideId "24638056"]
[BlackFideId "1048503"]
[WhiteTitle "IM"]
[WhiteElo "2446"]
[BlackElo "2162"]
[WhiteTeam "GER"]
[BlackTeam "NED"]
[WhiteClock "0:03:26"]
[BlackClock "0:06:44"]
[Variant "Standard"]

1. e4 {[%clk 1:30:25]}  c5 {[%clk 1:30:46]} 2. Nf3 {[%clk 1:30:14]}  e6 {[%clk 1:31:06]} 3. d4 {[%clk 1:29:03]}  cxd4 {[%clk 1:31:29]} 4. Nxd4 {[%clk 1:29:30]}  Nc6 {[%clk 1:31:24]} 5. Nc3 {[%clk 1:29:25]}  Qc7 {[%clk 1:31:45]} 6. Be2 {[%clk 1:26:44]}  Nf6 {[%clk 1:30:35]} 7. Ndb5 {[%clk 1:26:01]}  Qb8 {[%clk 1:28:32]} 8. f4 {[%clk 1:26:26]}  a6 {[%clk 1:28:28]} 9. e5 {[%clk 1:26:34]}  axb5 {[%clk 1:28:40]} 10. exf6 {[%clk 1:26:59]}  b4 {[%clk 1:28:57]} 11. fxg7 {[%clk 1:26:42]}  Bxg7 {[%clk 1:29:16]} 12. Nb5 {[%clk 1:27:08]}  d5 {[%clk 1:29:23]} 13. O-O {[%clk 1:26:35]}  O-O {[%clk 1:29:19]} 14. Bd3 {[%clk 1:25:28]}  f5 {[%clk 1:29:29]} 15. c3 {[%clk 1:24:04]}  bxc3 {[%clk 1:22:23]} 16. bxc3 {[%clk 1:24:27]}  Bd7 {[%clk 1:20:14]} 17. Be3 {[%clk 1:23:49]}  Qd8 {[%clk 1:12:44]} 18. Rf2 {[%clk 1:13:22]}  Qa5 {[%clk 1:05:11]} 19. Rb1 {[%clk 1:11:25]}  Nd8 {[%clk 0:54:05]} 20. Bd4 {[%clk 1:05:16]}  Bxd4 {[%clk 0:47:58]} 21. cxd4 {[%clk 1:05:17]}  Qa4 {[%clk 0:47:46]} 22. Bc2 {[%clk 1:00:47]}  Qc4 {[%clk 0:44:09]} 23. a4 {[%clk 1:01:12]}  Nf7 {[%clk 0:42:15]} 24. Bb3 {[%clk 0:54:12]}  Qc8 {[%clk 0:41:19]} 25. Rc1 {[%clk 0:38:55]}  Qd8 {[%clk 0:39:48]} 26. Nc7 {[%clk 0:39:00]}  Rc8 {[%clk 0:38:02]} 27. Rfc2 {[%clk 0:39:25]}  Nd6 {[%clk 0:35:12]} 28. Qe1 {[%clk 0:36:31]}  Qf6 {[%clk 0:33:39]} 29. Qe5 {[%clk 0:36:17]}  Qxe5 {[%clk 0:25:57]} 30. fxe5 {[%clk 0:31:37]}  Nc4 {[%clk 0:22:19]} 31. Bxc4 {[%clk 0:27:57]}  Rxc7 {[%clk 0:22:40]} 32. Bb5 {[%clk 0:28:08]}  Rxc2 {[%clk 0:21:08]} 33. Rxc2 {[%clk 0:28:34]}  Bxb5 {[%clk 0:18:48]} 34. axb5 {[%clk 0:28:59]}  Ra8 {[%clk 0:14:15]} 35. b6 {[%clk 0:22:12]}  Ra4 {[%clk 0:12:13]} 36. Rc8+ {[%clk 0:19:24]}  Kg7 {[%clk 0:12:32]} 37. Rc7+ {[%clk 0:19:50]}  Kh6 {[%clk 0:12:04]} 38. Rxb7 {[%clk 0:19:37]}  Rxd4 {[%clk 0:12:31]} 39. Re7 {[%clk 0:18:24]}  Kg5 {[%clk 0:12:01]} 40. Rxe6 {[%clk 0:17:48]}  Kf4 {[%clk 0:11:18]} 41. b7 {[%clk 0:12:57]}  Rb4 {[%clk 0:11:17]} 42. Re7 {[%clk 0:12:36]}  d4 {[%clk 0:10:14]} 43. e6 {[%clk 0:09:37]}  Ke5 {[%clk 0:08:51]} 44. Rxh7 {[%clk 0:08:24]}  Kxe6 {[%clk 0:08:48]} 45. h4 {[%clk 0:08:36]}  Rb2 {[%clk 0:05:59]} 46. Kf1 {[%clk 0:08:29]}  Kf6 {[%clk 0:06:07]} 47. h5 {[%clk 0:07:28]}  Kg5 {[%clk 0:05:52]} 48. Ke1 {[%clk 0:07:49]}  Kg4 {[%clk 0:04:44]} 49. Kd1 {[%clk 0:08:05]}  Kg5 {[%clk 0:04:59]} 50. Kc1 {[%clk 0:08:23]}  Rb4 {[%clk 0:05:24]} 51. Kc2 {[%clk 0:08:41]}  Kg4 {[%clk 0:05:29]} 52. Kd3 {[%clk 0:05:07]}  Kg5 {[%clk 0:05:48]} 53. Ke2 {[%clk 0:05:13]}  Kg4 {[%clk 0:06:07]} 54. h6 {[%clk 0:01:35]}  Kg5 {[%clk 0:06:23]} 55. Kf3 {[%clk 0:01:43]}  Rb3+ {[%clk 0:05:39]} 56. Kf2 {[%clk 0:02:09]}  Kg6 {[%clk 0:05:49]} 57. Rd7 {[%clk 0:02:32]}  Kxh6 {[%clk 0:06:01]} 58. Rxd4 {[%clk 0:02:57]}  Rxb7 {[%clk 0:06:21]} 59. g4 {[%clk 0:03:26]}  fxg4 {[%clk 0:06:44]} 1/2-1/2

[Event "Open"]
[Site "Maastricht, NL"]
[Date "2025.06.07"]
[Round "2"]
[White "Donker, Roel"]
[Black "Gloeckler, Christian"]
[Result "1-0"]
[Board "6"]
[WhiteFideId "1031660"]
[BlackFideId "34608966"]
[WhiteTitle "CM"]
[BlackTitle "FM"]
[WhiteElo "2213"]
[BlackElo "2439"]
[WhiteTeam "NED"]
[BlackTeam "GER"]
[WhiteClock "0:00:52"]
[BlackClock "0:00:53"]
[Variant "Standard"]

1. d4 {[%clk 1:30:55]}  Nf6 {[%clk 1:30:55]} 2. c4 {[%clk 1:31:18]}  e6 {[%clk 1:31:20]} 3. Nf3 {[%clk 1:31:40]}  d5 {[%clk 1:31:47]} 4. Nc3 {[%clk 1:32:02]}  h6 {[%clk 1:31:52]} 5. g3 {[%clk 1:31:05]}  Be7 {[%clk 1:28:05]} 6. Bg2 {[%clk 1:31:05]}  O-O {[%clk 1:27:18]} 7. O-O {[%clk 1:31:27]}  c6 {[%clk 1:09:37]} 8. Nd2 {[%clk 1:27:35]}  c5 {[%clk 0:59:15]} 9. dxc5 {[%clk 1:17:27]}  d4 {[%clk 0:57:47]} 10. Nce4 {[%clk 0:59:07]}  Nxe4 {[%clk 0:44:56]} 11. Nxe4 {[%clk 0:51:27]}  Nc6 {[%clk 0:44:40]} 12. a3 {[%clk 0:48:08]}  e5 {[%clk 0:41:15]} 13. b4 {[%clk 0:46:36]}  Be6 {[%clk 0:40:35]} 14. Qc2 {[%clk 0:43:52]}  Rc8 {[%clk 0:34:03]} 15. Bd2 {[%clk 0:32:31]}  f5 {[%clk 0:25:01]} 16. Nd6 {[%clk 0:31:50]}  Bxd6 {[%clk 0:24:42]} 17. cxd6 {[%clk 0:32:16]}  Qxd6 {[%clk 0:25:03]} 18. c5 {[%clk 0:17:25]}  Qd7 {[%clk 0:22:31]} 19. b5 {[%clk 0:17:22]}  Ne7 {[%clk 0:21:54]} 20. Rab1 {[%clk 0:14:28]}  Bd5 {[%clk 0:15:31]} 21. Rfc1 {[%clk 0:14:17]}  Bxg2 {[%clk 0:11:16]} 22. Kxg2 {[%clk 0:14:45]}  Rf6 {[%clk 0:10:59]} 23. Qa4 {[%clk 0:12:52]}  f4 {[%clk 0:09:16]} 24. Qxa7 {[%clk 0:12:28]}  f3+ {[%clk 0:07:52]} 25. exf3 {[%clk 0:08:53]}  Qd5 {[%clk 0:08:09]} 26. Kg1 {[%clk 0:09:17]}  Qxf3 {[%clk 0:07:20]} 27. Rf1 {[%clk 0:09:21]}  Rcf8 {[%clk 0:04:36]} 28. Qa4 {[%clk 0:06:03]}  Kh8 {[%clk 0:03:09]} 29. Qb3 {[%clk 0:06:04]}  Qg4 {[%clk 0:02:58]} 30. Rbe1 {[%clk 0:02:03]}  Rf3 {[%clk 0:01:43]} 31. Qb1 {[%clk 0:02:00]}  d3 {[%clk 0:01:15]} 32. Qb4 {[%clk 0:02:19]}  Qe6 {[%clk 0:01:18]} 33. Qe4 {[%clk 0:01:42]}  Ng6 {[%clk 0:01:06]} 34. Re3 {[%clk 0:00:43]}  Rxe3 {[%clk 0:01:06]} 35. Bxe3 {[%clk 0:00:57]}  Rd8 {[%clk 0:01:07]} 36. Rd1 {[%clk 0:01:03]}  Qb3 {[%clk 0:01:12]} 37. Rd2 {[%clk 0:01:31]}  Nf8 {[%clk 0:00:44]} 38. Qxb7 {[%clk 0:01:48]}  Ne6 {[%clk 0:00:55]} 39. b6 {[%clk 0:01:10]}  Qxa3 {[%clk 0:01:01]} 40. c6 {[%clk 0:01:17]}  Qc1+ {[%clk 0:00:41]} 41. Kg2 {[%clk 0:01:44]}  Qc4 {[%clk 0:00:35]} 42. c7 {[%clk 0:02:00]}  Rf8 {[%clk 0:01:00]} 43. Rxd3 {[%clk 0:01:17]}  Kh7 {[%clk 0:01:06]} 44. Qd5 {[%clk 0:01:22]}  Qg4 {[%clk 0:01:30]} 45. Qxe5 {[%clk 0:00:43]}  Qf3+ {[%clk 0:01:54]} 46. Kg1 {[%clk 0:00:59]}  Ng5 {[%clk 0:01:57]} 47. Qd5 {[%clk 0:01:18]}  Nh3+ {[%clk 0:01:15]} 48. Kf1 {[%clk 0:01:45]}  Qf6 {[%clk 0:01:39]} 49. Rd2 {[%clk 0:01:07]}  Re8 {[%clk 0:00:53]} 50. Kg2 {[%clk 0:00:52]} 1-0

[Event "Open"]
[Site "Maastricht, NL"]
[Date "2025.06.07"]
[Round "2"]
[White "Degraeve, Remy"]
[Black "Gramb, Marius"]
[Result "1-0"]
[Board "7"]
[WhiteFideId "26024560"]
[BlackFideId "24656593"]
[WhiteTitle "IM"]
[WhiteElo "2425"]
[BlackElo "2159"]
[WhiteTeam "FRA"]
[BlackTeam "GER"]
[WhiteClock "0:40:21"]
[BlackClock "0:00:50"]
[Variant "Standard"]

1. e4 {[%clk 1:25:36]}  e5 {[%clk 1:30:49]} 2. Nf3 {[%clk 1:25:58]}  Nc6 {[%clk 1:31:08]} 3. Bb5 {[%clk 1:26:06]}  a6 {[%clk 1:31:13]} 4. Ba4 {[%clk 1:26:30]}  Nf6 {[%clk 1:31:39]} 5. O-O {[%clk 1:26:55]}  b5 {[%clk 1:32:00]} 6. Bb3 {[%clk 1:27:18]}  Bc5 {[%clk 1:32:27]} 7. a4 {[%clk 1:27:31]}  Rb8 {[%clk 1:32:52]} 8. Nxe5 {[%clk 1:25:35]}  Nxe5 {[%clk 1:32:18]} 9. d4 {[%clk 1:25:59]}  Bxd4 {[%clk 1:28:13]} 10. Qxd4 {[%clk 1:26:24]}  d6 {[%clk 1:28:35]} 11. f4 {[%clk 1:26:28]}  c5 {[%clk 1:28:04]} 12. Qc3 {[%clk 1:13:58]}  Neg4 {[%clk 1:09:39]} 13. axb5 {[%clk 0:59:45]}  axb5 {[%clk 1:07:48]} 14. h3 {[%clk 0:59:28]}  Nxe4 {[%clk 0:54:51]} 15. Qxg7 {[%clk 0:59:46]}  Qf6 {[%clk 0:55:10]} 16. Bxf7+ {[%clk 0:59:09]}  Kd8 {[%clk 0:54:45]} 17. Qxf6+ {[%clk 0:58:52]}  Ngxf6 {[%clk 0:54:47]} 18. Ra7 {[%clk 0:52:18]}  Rb7 {[%clk 0:47:52]} 19. Rxb7 {[%clk 0:52:34]}  Bxb7 {[%clk 0:48:18]} 20. f5 {[%clk 0:46:52]}  Ke7 {[%clk 0:21:46]} 21. Be6 {[%clk 0:46:28]}  Bc8 {[%clk 0:20:57]} 22. Bxc8 {[%clk 0:46:47]}  Rxc8 {[%clk 0:21:23]} 23. Kh2 {[%clk 0:43:00]}  b4 {[%clk 0:15:01]} 24. Nd2 {[%clk 0:42:31]}  Nxd2 {[%clk 0:11:24]} 25. Bxd2 {[%clk 0:42:57]}  Ne4 {[%clk 0:11:41]} 26. Bf4 {[%clk 0:40:46]}  Kf6 {[%clk 0:08:38]} 27. g4 {[%clk 0:40:43]}  d5 {[%clk 0:07:25]} 28. Ra1 {[%clk 0:40:12]}  Rc6 {[%clk 0:01:49]} 29. Ra7 {[%clk 0:39:45]}  h5 {[%clk 0:01:08]} 30. Kg2 {[%clk 0:40:06]}  hxg4 {[%clk 0:01:16]} 31. hxg4 {[%clk 0:40:30]}  c4 {[%clk 0:01:05]} 32. Rh7 {[%clk 0:38:14]}  Rc5 {[%clk 0:01:27]} 33. Be3 {[%clk 0:36:56]}  Ra5 {[%clk 0:00:50]} 34. Kf3 {[%clk 0:37:17]}  Ng5+ {[%clk 0:00:44]} 35. Bxg5+ {[%clk 0:37:42]}  Kxg5 {[%clk 0:01:07]} 36. Rh5+ {[%clk 0:37:53]}  Kf6 {[%clk 0:01:32]} 37. Kf4 {[%clk 0:38:18]}  Ra1 {[%clk 0:00:37]} 38. g5+ {[%clk 0:38:42]}  Kg7 {[%clk 0:00:50]} 39. f6+ {[%clk 0:38:52]}  Kf7 {[%clk 0:00:40]} 40. Rh7+ {[%clk 0:39:15]}  Kg8 {[%clk 0:00:43]} 41. g6 {[%clk 0:39:37]}  Rf1+ {[%clk 0:00:42]} 42. Ke5 {[%clk 0:40:01]}  b3 {[%clk 0:00:50]} 43. cxb3 {[%clk 0:40:21]} 1-0

[Event "Open"]
[Site "Maastricht, NL"]
[Date "2025.06.07"]
[Round "2"]
[White "Schmitz, Philipp"]
[Black "Docx, Stefan"]
[Result "1-0"]
[Board "8"]
[WhiteFideId "1270142"]
[BlackFideId "200778"]
[BlackTitle "IM"]
[WhiteElo "2164"]
[BlackElo "2398"]
[WhiteTeam "GER"]
[BlackTeam "BEL"]
[WhiteClock "0:14:58"]
[BlackClock "0:06:27"]
[Variant "Standard"]

1. e4 {[%clk 1:30:57]}  d6 {[%clk 1:30:06]} 2. d4 {[%clk 1:31:15]}  Nf6 {[%clk 1:30:25]} 3. Nc3 {[%clk 1:31:37]}  e5 {[%clk 1:29:56]} 4. Nf3 {[%clk 1:31:50]}  Nbd7 {[%clk 1:30:10]} 5. g3 {[%clk 1:32:06]}  g6 {[%clk 1:30:12]} 6. Bg2 {[%clk 1:32:11]}  Bg7 {[%clk 1:30:33]} 7. O-O {[%clk 1:32:32]}  O-O {[%clk 1:30:56]} 8. b3 {[%clk 1:28:39]}  exd4 {[%clk 1:23:16]} 9. Nxd4 {[%clk 1:28:52]}  Re8 {[%clk 1:23:37]} 10. Bb2 {[%clk 1:27:01]}  Ne5 {[%clk 1:16:57]} 11. h3 {[%clk 1:22:18]}  Bd7 {[%clk 1:15:33]} 12. Re1 {[%clk 1:20:57]}  a6 {[%clk 1:13:22]} 13. Rb1 {[%clk 1:06:14]}  Nc6 {[%clk 1:06:11]} 14. Nde2 {[%clk 0:54:57]}  b5 {[%clk 1:04:20]} 15. Nf4 {[%clk 0:52:39]}  Rb8 {[%clk 0:59:07]} 16. Ncd5 {[%clk 0:50:26]}  Nxd5 {[%clk 0:55:38]} 17. Nxd5 {[%clk 0:48:24]}  Bxb2 {[%clk 0:54:42]} 18. Rxb2 {[%clk 0:48:52]}  Be6 {[%clk 0:54:54]} 19. c3 {[%clk 0:45:52]}  Bxd5 {[%clk 0:45:36]} 20. Qxd5 {[%clk 0:40:53]}  Re5 {[%clk 0:45:12]} 21. Qd1 {[%clk 0:40:36]}  Qf6 {[%clk 0:45:25]} 22. Rbe2 {[%clk 0:38:29]}  Rc5 {[%clk 0:41:50]} 23. Re3 {[%clk 0:38:58]}  g5 {[%clk 0:39:35]} 24. Qd2 {[%clk 0:38:31]}  Re8 {[%clk 0:39:32]} 25. Kh2 {[%clk 0:32:14]}  h5 {[%clk 0:33:40]} 26. f4 {[%clk 0:32:14]}  gxf4 {[%clk 0:24:05]} 27. gxf4 {[%clk 0:32:36]}  h4 {[%clk 0:23:13]} 28. Rf1 {[%clk 0:20:29]}  Ne7 {[%clk 0:21:22]} 29. e5 {[%clk 0:20:15]}  dxe5 {[%clk 0:18:18]} 30. fxe5 {[%clk 0:20:38]}  Qg5 {[%clk 0:10:30]} 31. Qd4 {[%clk 0:18:09]}  Rc6 {[%clk 0:06:29]} 32. Bxc6 {[%clk 0:16:54]}  Nxc6 {[%clk 0:06:53]} 33. Qd7 {[%clk 0:17:07]}  Re7 {[%clk 0:06:38]} 34. Qc8+ {[%clk 0:14:41]}  Kh7 {[%clk 0:06:27]} 35. Rg1 {[%clk 0:14:58]} 1-0

[Event "Open"]
[Site "Maastricht, NL"]
[Date "2025.06.07"]
[Round "2"]
[White "Groenewoud, Joel"]
[Black "Elgersma, Onno"]
[Result "0-1"]
[Board "9"]
[WhiteFideId "1087746"]
[BlackFideId "1053531"]
[BlackTitle "FM"]
[WhiteElo "2159"]
[BlackElo "2393"]
[WhiteTeam "NED"]
[BlackTeam "NED"]
[WhiteClock "0:03:11"]
[BlackClock "0:05:58"]
[Variant "Standard"]

1. e4 {[%clk 1:25:44]}  c5 {[%clk 1:24:39]} 2. Nf3 {[%clk 1:26:03]}  Nc6 {[%clk 1:25:02]} 3. d4 {[%clk 1:26:27]}  cxd4 {[%clk 1:25:25]} 4. Nxd4 {[%clk 1:26:52]}  g6 {[%clk 1:25:34]} 5. c4 {[%clk 1:27:09]}  Nf6 {[%clk 1:25:43]} 6. Nc3 {[%clk 1:27:27]}  d6 {[%clk 1:25:15]} 7. Be2 {[%clk 1:27:43]}  Nxd4 {[%clk 1:25:14]} 8. Qxd4 {[%clk 1:28:03]}  Bg7 {[%clk 1:25:38]} 9. Be3 {[%clk 1:26:15]}  O-O {[%clk 1:25:49]} 10. Qd2 {[%clk 1:26:04]}  a5 {[%clk 1:21:24]} 11. O-O {[%clk 1:24:02]}  a4 {[%clk 1:19:41]} 12. Rac1 {[%clk 1:18:47]}  Qa5 {[%clk 1:16:25]} 13. f4 {[%clk 1:14:51]}  Bg4 {[%clk 0:47:47]} 14. Bd3 {[%clk 1:07:39]}  Bd7 {[%clk 0:47:08]} 15. f5 {[%clk 0:57:45]}  Ng4 {[%clk 0:41:15]} 16. Bf4 {[%clk 0:48:54]}  Bc6 {[%clk 0:40:34]} 17. Qe2 {[%clk 0:45:06]}  Ne5 {[%clk 0:40:27]} 18. Kh1 {[%clk 0:37:19]}  Rac8 {[%clk 0:33:56]} 19. Rc2 {[%clk 0:36:46]}  a3 {[%clk 0:27:47]} 20. Bg5 {[%clk 0:32:09]}  Nxd3 {[%clk 0:22:30]} 21. Qxd3 {[%clk 0:32:24]}  axb2 {[%clk 0:20:50]} 22. Bxe7 {[%clk 0:30:41]}  Bxc3 {[%clk 0:19:55]} 23. Bxf8 {[%clk 0:23:10]}  Be5 {[%clk 0:17:59]} 24. Bh6 {[%clk 0:21:57]}  Qxa2 {[%clk 0:15:48]} 25. Rd2 {[%clk 0:15:50]}  Qa1 {[%clk 0:10:01]} 26. Rdd1 {[%clk 0:15:30]}  Ra8 {[%clk 0:08:35]} 27. c5 {[%clk 0:12:23]}  Ra3 {[%clk 0:06:59]} 28. fxg6 {[%clk 0:09:30]}  hxg6 {[%clk 0:07:27]} 29. Qc4 {[%clk 0:09:46]}  d5 {[%clk 0:05:34]} 30. exd5 {[%clk 0:08:43]}  Qxd1 {[%clk 0:05:37]} 31. Rxd1 {[%clk 0:09:04]}  Ra1 {[%clk 0:06:03]} 32. Bc1 {[%clk 0:03:11]}  Bxd5 {[%clk 0:05:58]} 0-1

[Event "Open"]
[Site "Maastricht, NL"]
[Date "2025.06.07"]
[Round "2"]
[White "Coenen, Eduard"]
[Black "Barzen, Pascal"]
[Result "1/2-1/2"]
[Board "10"]
[WhiteFideId "1014390"]
[BlackFideId "24653497"]
[BlackTitle "FM"]
[WhiteElo "2157"]
[BlackElo "2348"]
[WhiteTeam "NED"]
[BlackTeam "GER"]
[WhiteClock "0:49:15"]
[BlackClock "0:26:47"]
[Variant "Standard"]

1. d4 {[%clk 1:24:38]}  Nf6 {[%clk 1:30:44]} 2. g3 {[%clk 1:24:41]}  e6 {[%clk 1:31:06]} 3. Bg2 {[%clk 1:24:00]}  c5 {[%clk 1:31:19]} 4. Nf3 {[%clk 1:23:44]}  cxd4 {[%clk 1:31:20]} 5. Nxd4 {[%clk 1:23:42]}  d5 {[%clk 1:31:30]} 6. O-O {[%clk 1:23:55]}  e5 {[%clk 1:31:36]} 7. Nb3 {[%clk 1:22:49]}  Be6 {[%clk 1:31:46]} 8. c4 {[%clk 1:21:15]}  Nc6 {[%clk 1:31:20]} 9. cxd5 {[%clk 1:17:20]}  Nxd5 {[%clk 1:30:57]} 10. Nc3 {[%clk 1:16:57]}  Nxc3 {[%clk 1:30:16]} 11. Qxd8+ {[%clk 1:16:20]}  Rxd8 {[%clk 1:30:40]} 12. bxc3 {[%clk 1:16:43]}  Rc8 {[%clk 1:27:38]} 13. Be3 {[%clk 1:13:40]}  b6 {[%clk 1:27:26]} 14. c4 {[%clk 1:11:45]}  Be7 {[%clk 1:11:56]} 15. Rfc1 {[%clk 1:03:21]}  Ba3 {[%clk 1:09:34]} 16. Rd1 {[%clk 0:53:11]}  Bxc4 {[%clk 1:08:41]} 17. Kf1 {[%clk 0:52:14]}  O-O {[%clk 1:00:33]} 18. Rd7 {[%clk 0:51:39]}  Be6 {[%clk 0:37:54]} 19. Bxc6 {[%clk 0:49:04]}  Rxc6 {[%clk 0:38:21]} 20. Rxa7 {[%clk 0:49:15]}  Bb4 {[%clk 0:26:47]} 1/2-1/2